{"text_format":"3","workbook":"xlsx","n_sheets":3,"sheets":["Group C","Group T","Group E"],"read":"whole","date_system":"1900"}

{"sheet":"Group C","index":0,"n_rows":20,"n_cols":24,"rows_kept":20}
["No","gender","age","height","weight","BWI","Duration of surgery（min)","restVAS(1h)","restVAS(6h)","restVAS(18h)","restVAS(24h)","restVAS(48h)","coughVAS(1h)","coughVAS(6h)","coughVAS(18h)","coughVAS(24h)","coughVAS(48h)","pressure times（24h)","pressure times（48h)","volume of analgesic drug（24h)","volume of analgesic drug（48h）","flurbiprofen axetil（24h)","flurbiprofen axetil（48h)","Remifentanil(ug/kg/min)"]
[1,"M",61,159,64,25.315454293738384,159,3,4,3,3,4,6,5,4,4,4,7,10,38,68,50,100,{"v":0.2507692307692308,"d":"0.251"}]
[2,"F",54,160,62,24.21875,215,4,3,5,4,3,7,6,5,5,5,8,12,40,72,50,150,{"v":0.24,"d":"0.240"}]
[3,"F",50,160,48,18.75,220,3,1,1,2,2,5,4,3,2,2,6,8,36,64,0,50,{"v":0.22,"d":"0.220"}]
[4,"F",41,160,52,20.3125,170,6,5,6,5,5,7,7,6,6,6,9,13,42,74,100,200,{"v":0.2707692307692308,"d":"0.271"}]
[5,"M",56,175,86,28.081632653061224,150,4,3,4,3,3,6,6,5,4,4,7,10,38,68,50,150,{"v":0.2123076923076923,"d":"0.212"}]
[6,"F",38,156,60,24.6548323,170,6,6,6,5,5,8,7,7,7,6,9,13,42,74,100,200,{"v":0.20461538461538462,"d":"0.205"}]
[7,"M",63,165,51,18.7327824,152,3,2,3,2,2,5,5,4,2,3,6,8,36,64,50,50,{"v":0.22,"d":"0.220"}]
[8,"M",54,171,65,22.2290619,140,7,6,5,6,5,8,7,7,7,6,9,13,42,74,100,200,{"v":0.23692307692307693,"d":"0.237"}]
[9,"M",56,176,78,25.1807851,155,7,7,6,6,5,8,8,7,8,6,9,14,42,76,100,200,{"v":0.21384615384615385,"d":"0.214"}]
[10,"F",60,160,74,28.90625,160,4,5,4,4,4,7,6,5,5,5,8,11,40,70,50,150,{"v":0.27384615384615385,"d":"0.274"}]
[11,"M",48,180,90,27.77777777777778,170,8,7,6,7,5,8,8,8,8,7,10,14,44,76,100,200,{"v":0.2230769230769231,"d":"0.223"}]
[12,"F",63,158,60,24.03460983816696,225,3,2,3,2,2,6,5,4,3,3,7,10,38,68,50,50,{"v":0.28,"d":"0.280"}]
[13,"F",43,158,51,20.4294184,175,4,5,4,4,3,6,6,5,5,4,8,11,40,70,50,150,{"v":0.2123076923076923,"d":"0.212"}]
[14,"M",64,165,79,29.0174472,230,5,4,5,5,4,7,7,6,6,6,8,13,40,74,50,200,{"v":0.2276923076923077,"d":"0.228"}]
[15,"F",54,157,70,28.398718000730256,180,3,2,3,3,3,6,5,4,3,4,7,10,38,68,50,100,{"v":0.14923076923076922,"d":"0.149"}]
[16,"F",62,158,62,24.835763499439192,165,8,7,7,7,6,9,9,8,9,7,10,14,44,76,150,250,{"v":0.22,"d":"0.220"}]
[17,"F",55,155,55,22.892819979188346,210,5,4,6,5,4,7,6,6,6,5,8,12,40,72,50,150,{"v":0.21076923076923076,"d":"0.211"}]
[18,"M",56,170,83,28.7197232,181,5,4,5,4,4,7,7,6,6,5,8,12,40,72,50,200,{"v":0.23846153846153847,"d":"0.238"}]
[19,"M",37,160,58,22.65625,180,4,5,4,5,3,6,6,5,5,4,7,10,38,70,50,150,{"v":0.23692307692307693,"d":"0.237"}]

{"sheet":"Group T","index":1,"n_rows":21,"n_cols":24,"rows_kept":21}
["No","gender","age","height","weight",null,"Duration of surgery（min)","restVAS(1h)","restVAS(6h)","restVAS(18h)","restVAS(24h)","restVAS(48h)","coughVAS(1h)","coughVAS(6h)","coughVAS(18h)","coughVAS(24h)","coughVAS(48h)","pressure times（24h)","pressure times（48h)","volume of analgesic drug（24h)","volume of analgesic drug（48h）","flurbiprofen axetil（24h)","flurbiprofen axetil（48h)","Remifentanil(ug/kg/min)"]
[1,"M",53,165,75,27.5482094,200,2,2,5,4,2,3,4,7,7,5,5,8,34,64,100,150,{"v":0.13999999999999999,"d":"0.140"}]
[2,"F",60,152,60,25.969529085872576,170,1,3,4,7,6,1,5,9,7,6,3,6,30,60,0,100,{"v":0.1723076923076923,"d":"0.172"}]
[3,"F",38,155,72,29.9687825,150,0,1,1,2,3,1,3,3,4,3,3,6,30,60,50,100,{"v":0.19230769230769232,"d":"0.192"}]
[4,"F",63,159,68,26.8976702,160,2,3,2,3,2,3,5,7,8,7,5,8,34,64,50,100,{"v":0.16153846153846155,"d":"0.162"}]
[5,"F",60,153,66,28.19428424964757,155,0,2,4,5,3,1,4,7,6,4,5,8,34,64,0,50,{"v":0.10307692307692308,"d":"0.103"}]
[6,"F",53,153,70,29.9030287,145,3,3,3,2,2,3,6,6,5,4,5,9,34,66,50,100,{"v":0.2123076923076923,"d":"0.212"}]
[7,"F",46,153,52,22.2136785,160,0,1,2,3,4,2,3,6,5,5,3,7,30,62,50,100,{"v":0.12615384615384614,"d":"0.126"}]
[8,"M",60,173,58,19.37919743392696,300,2,2,4,5,5,4,6,8,7,7,5,9,34,66,100,150,{"v":0.12461538461538461,"d":"0.125"}]
[9,"F",50,160,70,27.34375,110,4,5,6,4,5,5,6,8,6,6,8,12,40,72,150,200,{"v":0.15538461538461537,"d":"0.155"}]
[10,"F",51,155,68,28.3038502,230,3,3,4,3,4,3,3,5,4,6,3,8,30,64,50,100,{"v":0.18307692307692308,"d":"0.183"}]
[11,"M",39,160,66,25.781249999999996,170,0,1,2,2,3,1,3,4,3,3,4,8,32,64,50,100,{"v":0.12615384615384614,"d":"0.126"}]
[12,"F",59,155,47,19.562955254942768,180,1,2,2,6,3,1,5,5,5,4,4,8,32,64,100,150,{"v":0.1723076923076923,"d":"0.172"}]
[13,"F",50,158,60,24.0346098,210,1,3,3,3,2,2,5,4,4,6,6,10,36,68,0,50,{"v":0.1323076923076923,"d":"0.132"}]
[14,"F",63,155,62,25.806451612903224,150,3,4,5,5,4,4,5,6,6,4,4,8,32,64,50,150,{"v":0.14769230769230768,"d":"0.148"}]
[15,"M",47,167,80,28.6851447,180,1,2,3,3,3,2,4,5,4,4,5,9,34,66,50,100,{"v":0.18615384615384614,"d":"0.186"}]
[16,"M",62,174,82,27.0841591,240,4,4,6,6,5,4,6,6,5,6,8,10,40,68,50,100,{"v":0.17692307692307693,"d":"0.177"}]
[17,"M",47,160,70,27.34375,150,2,4,3,5,6,3,4,6,5,5,6,10,36,68,50,150,{"v":0.18769230769230769,"d":"0.188"}]
[18,"F",56,162,70,26.6727633,240,2,6,6,6,5,4,6,7,5,6,4,8,32,64,100,150,{"v":0.1323076923076923,"d":"0.132"}]
[19,"M",55,175,80,26.122449,150,2,4,4,2,4,2,4,4,4,5,6,10,36,68,50,100,{"v":0.15076923076923077,"d":"0.151"}]
[20,"M",46,175,85,27.755102,360,1,3,5,4,5,4,5,5,4,4,1,5,26,58,0,50,{"v":0.1646153846153846,"d":"0.165"}]

{"sheet":"Group E","index":2,"n_rows":22,"n_cols":24,"rows_kept":22}
["no","gender","age","height","weight","BWI","Duration of surgery（min)","rest VAS(1h)","restVAS(6h)","restVAS(18h)","restVAS(24h)","resVAS(48h)","cough VAS(1h)","coughVAS(6h)","coughVAS(18h)","coughVAS(24h)","coughVAS(48h)","pressure times（24h)","pressure times（48h)","volume of analgesic drug（24h)","volume of analgesic drug（48h）","flurbiprofen axetil（24h)","flurbiprofen axetil（48h)","Remifentanil(ug/kg/min)"]
[1,"M",53,172,70,23.66143861546782,190,1,2,1,1,1,2,2,3,3,3,0,4,24,56,0,50,{"v":0.20153846153846153,"d":"0.202"}]
[2,"F",52,155,70,29.1363163,180,1,1,2,3,3,4,3,5,6,3,2,7,28,62,100,150,{"v":0.1676923076923077,"d":"0.168"}]
[3,"M",52,173,70,23.38868655818771,150,1,1,2,1,1,2,1,3,3,3,0,0,24,48,0,0,{"v":0.16153846153846155,"d":"0.162"}]
[4,"M",63,158,67,26.838647652619773,175,0,1,1,1,1,4,4,6,5,3,0,0,24,48,50,50,{"v":0.2169230769230769,"d":"0.217"}]
[5,"F",63,152,63,27.268005540166204,210,2,2,2,1,1,3,2,2,2,2,0,0,24,48,0,50,{"v":0.16923076923076924,"d":"0.169"}]
[6,"M",56,175,88,28.7346939,240,1,1,1,1,1,1,1,1,1,2,0,0,24,48,50,100,{"v":0.14615384615384616,"d":"0.146"}]
[7,"F",38,156,50,20.545693622616703,224,1,1,1,1,1,1,2,2,1,3,0,0,24,48,0,0,{"v":0.16,"d":"0.160"}]
[8,"M",63,165,55,20.2020202,195,0,1,1,1,1,1,3,3,4,4,2,2,28,52,50,50,{"v":0.184615384615385,"d":"0.185"}]
[9,"M",51,171,50,17.1998624,220,2,2,2,2,2,4,4,4,4,4,0,0,24,48,0,50,{"v":0.176923076923077,"d":"0.177"}]
[10,"M",59,176,69,22.275309917355372,200,2,2,3,4,4,5,5,4,4,4,1,3,26,54,50,100,{"v":0.132307692307692,"d":"0.132"}]
[11,"F",66,160,52,20.3125,134,1,1,2,3,3,3,3,5,5,4,3,6,30,60,50,100,{"v":0.178461538461538,"d":"0.178"}]
[12,"M",39,175,90,29.3877551,110,2,2,2,2,2,4,4,4,4,4,0,0,24,48,0,50,{"v":0.1323076923076923,"d":"0.132"}]
[13,"F",63,158,60,24.03460983816696,215,2,2,3,3,3,2,4,2,2,2,0,0,24,48,50,100,{"v":0.16615384615384615,"d":"0.166"}]
[14,"F",36,158,37,14.821342733536293,200,0,0,1,1,1,3,2,3,3,2,0,0,24,48,50,100,{"v":0.14769230769230768,"d":"0.148"}]
[15,"M",65,165,55,20.2020202020202,178,1,2,1,2,2,3,3,4,3,3,0,0,24,48,0,50,{"v":0.1676923076923077,"d":"0.168"}]
[16,"F",54,157,70,28.398718000730256,180,4,4,5,5,4,5,6,4,4,3,3,3,30,54,50,100,{"v":0.12153846153846154,"d":"0.122"}]
[17,"M",62,158,62,24.835763499439192,240,3,3,3,3,4,5,5,5,5,4,0,5,24,58,50,100,{"v":0.19230769230769232,"d":"0.192"}]
[18,"F",55,155,52,21.6441207,155,1,1,1,2,2,2,3,3,5,6,0,0,24,48,0,50,{"v":0.13999999999999999,"d":"0.140"}]
[19,"M",56,170,80,27.681660899653977,175,0,1,1,2,2,1,1,3,5,5,0,0,24,48,0,50,{"v":0.17692307692307693,"d":"0.177"}]
[20,"F",36,160,46,17.96875,188,3,3,3,4,5,4,4,5,5,6,2,4,28,56,100,100,{"v":0.1523076923076923,"d":"0.152"}]
[21,"M",55,160,69,26.953125,172,4,3,4,4,3,4,5,7,6,5,2,8,28,64,100,150,{"v":0.18153846153846154,"d":"0.182"}]